| 000 | 01432cam a2200337 a 4500 | ||
|---|---|---|---|
| 001 | 12110579 | ||
| 005 | 20000816170405.0 | ||
| 008 | 000718s1999 ua b 001 0 eng | ||
| 010 | _a00314641 | ||
| 020 | _a9774245288 | ||
| 040 |
_aDLC _cDLC _dDLC |
||
| 043 | _af-ua--- | ||
| 050 | 0 | 0 |
_aRG966.E3 _bK535 1999 |
| 082 | 0 | 0 |
_a362.1982 _221 _bKHA |
| 100 | 1 |
_aKhattab, Hind A. S. _95259 |
|
| 245 | 1 | 0 |
_aWomen, Reproduction, and Health in Rural Egypt : _bThe Giza Study / _cHind Khattab, Nabil Younis, Huda Zurayk (Reproductive Health Working Group). |
| 246 | 3 | _aGiza Study | |
| 260 |
_aCairo, Egypt : _bAmerican University in Cairo Press, _cc1999. |
||
| 300 |
_axvii, 220 p. ; _c24 cm. |
||
| 500 | _a"Dar el Kutub no. 3979/99"--T.p. verso. | ||
| 504 | _aIncludes bibliographical references (p. 209-212) and index. | ||
| 650 | 0 |
_aMaternal health services _zEgypt _vCase studies. _95260 |
|
| 650 | 0 |
_aRural women _xHealth and hygiene _zEgypt _vCase studies. _95261 |
|
| 650 | 0 |
_aRural women _zEgypt _xSocial conditions _vCase studies. _95262 |
|
| 700 | 1 |
_aYounis, Nabil. _95263 |
|
| 700 | 1 |
_aZurayk, Huda. _95264 |
|
| 710 | 2 |
_aReproductive Health Working Group. _95265 |
|
| 942 |
_2ddc _cBB |
||
| 999 |
_c11632 _d11632 |
||